[Event "Mechanics' Irving Chernev TNM; 30/90, SD"]
[Site "San Francisco"]
[Date "2008.08.12"]
[Round "2.11"]
[White "Smith, Andrew"]
[Black "Traub, Igor"]
[Result "0-1"]
[WhiteElo "1427"]
[BlackElo "2005"]
[PlyCount "52"]
[EventDate "2008.??.??"]

1. d4 d5 2. c4 c6 3. Nc3 Nf6 4. e3 a6 5. a4 Bf5 6. Nf3 e6 7. Nh4 Bg4 8. f3 Bh5
9. g4 Nxg4 10. Ng2 Nf6 11. Bd3 Nbd7 12. Qe2 e5 13. Qf2 Bb4 14. Bd2 O-O 15. Rg1
dxc4 16. Bxc4 exd4 17. exd4 Re8+ 18. Kf1 c5 19. Nf4 cxd4 20. Ncd5 Bxd2 21. Qxd2
Bxf3 22. Qxd4 Bxd5 23. Nxd5 Re4 24. Qc3 Rc8 25. Rd1 Rexc4 26. Nxf6+ Qxf6+ {
W resigns} 0-1

[Event "Mechanics' Irving Chernev TNM; 30/90, SD"]
[Site "San Francisco"]
[Date "2008.08.12"]
[Round "2.12"]
[White "Manvelyan, Hayk"]
[Black "Starr, Albert"]
[Result "1/2-1/2"]
[WhiteElo "1874"]
[BlackElo "1536"]
[PlyCount "105"]
[EventDate "2008.??.??"]

1. f4 b5 2. Nf3 Bb7 3. d3 e6 4. e4 Bc5 5. Nc3 b4 6. Na4 Bb6 7. Nxb6 axb6 8. g3
Ne7 9. Bg2 O-O 10. b3 c5 11. Bb2 Nbc6 12. h4 d5 13. Nd2 d4 14. O-O f5 15. Qe2
Rf6 16. a4 bxa3 17. Rxa3 Rxa3 18. Bxa3 Qa8 19. Ra1 Nb4 20. Bb2 Qc8 21. Nc4 Qc7
22. c3 Nbc6 23. Nd6 Rg6 24. Nxb7 Qxb7 25. Kh2 Qc7 26. Rc1 e5 27. Qf2 exf4 28.
Qxf4 Qxf4 29. gxf4 Rg4 30. Rf1 Rxh4+ 31. Kg3 Rh6 32. Ra1 fxe4 33. Bxe4 Rd6 34.
Ra6 dxc3 35. Bxc3 Nd4 36. Kf2 Nd5 37. Bxd5+ Rxd5 38. Rxb6 Nf5 39. Ke2 h5 40.
Be5 h4 41. Ra6 h3 42. Ra1 h2 43. Kf2 Rxd3 44. Kg2 Rd2+ 45. Kh3 Nd4 46. Rh1 Nf3
47. Bc7 Rb2 48. Bd6 Rxb3 49. Bxc5 Rb2 50. Bd6 Kf7 51. Kg3 Rb3 52. Kg2 Kg6 53.
f5+ {draw agreed} 1/2-1/2

[Event "Mechanics' Irving Chernev TNM; 30/90, SD"]
[Site "San Francisco"]
[Date "2008.08.12"]
[Round "2.13"]
[White "Milliken, William"]
[Black "Morgan, Jerry"]
[Result "1-0"]
[WhiteElo "1629"]
[BlackElo "1425"]
[PlyCount "61"]
[EventDate "2008.??.??"]

1. e4 c6 2. d4 d5 3. Nc3 dxe4 4. Nxe4 Bf5 5. Ng3 Bg6 6. h4 h6 7. Nf3 Nd7 8. h5
Bh7 9. Bd3 Bxd3 10. Qxd3 e6 11. Bd2 Ngf6 12. O-O-O Be7 13. c4 O-O 14. Bc3 a5
15. a3 Qb8 16. Ne5 Nxe5 17. dxe5 Rd8 18. Qe2 Nd7 19. f4 b5 20. f5 Bg5+ 21. Bd2
Bxd2+ 22. Rxd2 Qxe5 23. Rxd7 Qxe2 24. Rxd8+ Rxd8 25. Nxe2 e5 26. Rd1 Rxd1+ 27.
Kxd1 b4 28. axb4 axb4 29. Kd2 c5 30. Kd3 Kf8 31. Ke4 {B resigns} 1-0

[Event "Mechanics' Irving Chernev TNM; 30/90, SD"]
[Site "San Francisco"]
[Date "2008.08.12"]
[Round "2.15"]
[White "Allen, Tom"]
[Black "Grey, Peter"]
[Result "0-1"]
[WhiteElo "1529"]
[BlackElo "2000"]
[PlyCount "106"]
[EventDate "2008.??.??"]

1. e4 c5 2. d4 cxd4 3. c3 dxc3 4. Nxc3 e6 5. Nf3 Bc5 6. Bc4 d6 7. O-O a6 8. a4
Ne7 9. Qe2 Nbc6 10. Rd1 O-O 11. Bg5 Qc7 12. Rac1 Ng6 13. Na2 b5 14. b4 Nxb4 15.
Nxb4 bxc4 16. Rxc4 a5 17. Nd3 Ba6 18. Rc2 Qa7 19. Qe1 Bxd3 20. Rxd3 h6 21. Bd2
Rfb8 22. Bc3 e5 23. Bd2 Rb7 24. Rdc3 Rab8 25. Rc1 Rb2 26. R3c2 Nf4 27. Bxf4
exf4 28. Qe2 Qb6 29. Ne1 Qb3 30. Rxb2 Qxb2 31. Qxb2 Rxb2 32. Nd3 Rd2 33. Nxc5
dxc5 34. f3 Rd4 35. Rxc5 Rxa4 36. Rc8+ Kh7 37. h3 Ra1+ 38. Kf2 Ra2+ 39. Kf1 a4
40. Ra8 a3 41. Kg1 g5 42. Ra6 Kg7 43. Ra7 h5 44. Ra6 f6 45. Ra7+ Kg6 46. Kh2 g4
47. hxg4 hxg4 48. fxg4 f3 49. Kg1 Rxg2+ 50. Kf1 Ra2 51. Ra5 Ra1+ 52. Kf2 a2 53.
Ra8 Rh1 {W resigns} 0-1

[Event "Mechanics' Irving Chernev TNM; 30/90, SD"]
[Site "San Francisco"]
[Date "2008.08.12"]
[Round "2.16"]
[White "Sherwood, Peter"]
[Black "Mar, Henry"]
[Result "1-0"]
[WhiteElo "1743"]
[BlackElo "1500"]
[PlyCount "45"]
[EventDate "2008.??.??"]

1. e4 c5 2. Nf3 d6 3. d4 cxd4 4. Nxd4 Nf6 5. Nc3 a6 6. Be3 Nc6 7. Be2 e5 8. Nb3
Be7 9. f3 O-O 10. Qd2 b5 11. O-O-O Be6 12. Nd5 Bxd5 13. exd5 Nb8 14. g4 h6 15.
h4 Nbd7 16. g5 hxg5 17. hxg5 Nh7 18. Rxh7 Kxh7 19. Rh1+ Kg8 20. Bd3 f5 21. g6
Rf6 22. Rh8+ Kxh8 23. Qh2+ {B resigns} 1-0

[Event "Mechanics' Irving Chernev TNM; 30/90, SD"]
[Site "San Francisco"]
[Date "2008.08.12"]
[Round "2.17"]
[White "Reyes, Edsel Delos"]
[Black "Litowsky, Daniel"]
[Result "0-1"]
[WhiteElo "1360"]
[BlackElo "1719"]
[PlyCount "84"]
[EventDate "2008.??.??"]

1. e4 e5 2. Nf3 Nc6 3. Bb5 d6 4. d4 exd4 5. Nxd4 Bd7 6. Nxc6 bxc6 7. Bc4 Nf6 8.
Nd2 Be7 9. O-O O-O 10. Re1 Re8 11. Bb3 Rb8 12. c3 Ng4 13. h3 Ne5 14. Nf3 Ng6
15. Bc2 Bf6 16. Rb1 c5 17. c4 Be6 18. b3 Qd7 19. g4 Ne5 20. Nxe5 Bxe5 21. f4
Bd4+ 22. Be3 Bxe3+ 23. Rxe3 f6 24. Qf3 Bf7 25. Qg3 a5 26. Qh4 Bg6 27. f5 Bf7
28. g5 fxg5 29. Qxg5 h6 30. Qh4 Qe7 31. Qg4 Qf6 32. Rf1 a4 33. Qg2 axb3 34.
Bxb3 c6 35. Qe2 Re7 36. Qg2 Rbe8 37. Rd1 Kh7 38. Red3 Rxe4 39. Rxd6 Re1+ 40.
Rxe1 Rxe1+ 41. Kf2 Qh4+ 42. Qg3 Re2+ {W resigns} 0-1

[Event "Mechanics' Irving Chernev TNM; 30/90, SD"]
[Site "San Francisco"]
[Date "2008.08.12"]
[Round "2.18"]
[White "Chan, John"]
[Black "Cole, Tony"]
[Result "0-1"]
[WhiteElo "1696"]
[BlackElo "1292"]
[PlyCount "141"]
[EventDate "2008.??.??"]

1. c4 Nc6 2. Nc3 Nf6 3. Nf3 e5 4. d3 d5 5. cxd5 Nxd5 6. g3 Bb4 7. Bd2 Bg4 8.
Bg2 O-O 9. O-O Bc5 10. a3 Qd6 11. Ne4 Qe7 12. Rc1 Bd6 13. b4 f5 14. Bg5 Qe6 15.
Nxd6 Qxd6 16. e4 fxe4 17. dxe4 Nd4 18. exd5 Bxf3 19. Bxf3 Nxf3+ 20. Kh1 Nxg5
21. Rc4 Nf3 22. Re4 Nd4 23. Qg4 Qxd5 24. f3 Qc4 25. Kg2 Rae8 26. h4 Qe6 27. Qg5
Rf5 28. Qe3 Nb5 29. Qd3 Nd6 30. Ree1 Qg6 31. Qb3+ Kh8 32. Kh2 b5 33. a4 a6 34.
a5 Nc4 35. Qd1 Ref8 36. Qd7 R5f7 37. Qd5 h5 38. Qd1 Qc6 39. Re4 Qd6 40. Kh3
Qe6+ 41. Kh2 Rd7 42. Qe1 Rd2+ 43. Re2 Qd5 44. Kh3 Qe6+ 45. Kh2 Rd3 46. Qc1
Rfxf3 47. Rxf3 Rxf3 48. Qg5 Qf7 49. Qd8+ Kh7 50. Qg5 Rf2+ 51. Rxf2 Qxf2+ 52.
Kh3 Qf1+ 53. Kh2 g6 54. Qe7+ Kg8 55. Qe8+ Kg7 56. Qe7+ Qf7 57. Qg5 Qf2+ 58. Kh1
Qf1+ 59. Kh2 Qe2+ 60. Kh1 Qf3+ 61. Kh2 Qf6 62. Qc1 Qf3 63. Qg5 e4 64. Qe7+ Qf7
65. Qxe4 Nd6 66. Qe5+ Qf6 67. Qe2 Nf5 68. Qf3 Qd6 69. Qe2 -- {illegible} 70.
Qb2+ Kh7 71. Qb3 {and B won in a few more moves} 0-1

[Event "Mechanics' Irving Chernev TNM; 30/90, SD"]
[Site "San Francisco"]
[Date "2008.08.12"]
[Round "2.19"]
[White "Frank, Robert"]
[Black "Brooks, Matthew"]
[Result "0-1"]
[WhiteElo "1245"]
[BlackElo "1682"]
[PlyCount "64"]
[EventDate "2008.??.??"]

1. d4 Nf6 2. Nf3 d6 3. c4 g6 4. Nc3 Bg7 5. e4 Bg4 6. h3 Bxf3 7. Qxf3 O-O 8. Be3
Nc6 9. a3 e5 10. d5 Ne7 11. Rc1 Nd7 12. Bd3 f5 13. exf5 Nxf5 14. Qe4 Nf6 15.
Qf3 Nh4 16. Qg3 Nh5 17. Qh2 Nf4 18. Bxf4 exf4 19. f3 Qg5 20. Kf2 Bd4+ 21. Kf1
Nf5 22. Ke1 Qh4+ 23. Kd1 Qf2 24. Rc2 Ne3+ 25. Kc1 Nxc2 26. Bxc2 Bxc3 27. bxc3
Qc5 28. Kb2 Qxc4 29. Bb3 Qe2+ 30. Bc2 Rae8 31. Kc1 Re3 32. Kb2 Qd2 {W resigns}
0-1

[Event "Mechanics' Irving Chernev TNM; 30/90, SD"]
[Site "San Francisco"]
[Date "2008.08.12"]
[Round "2.21"]
[White "Liu, Chang"]
[Black "Dupree, Chuck"]
[Result "0-1"]
[WhiteElo "1155"]
[BlackElo "1630"]
[PlyCount "132"]
[EventDate "2008.??.??"]

1. c4 Nf6 2. Nc3 b6 3. g3 Bb7 4. Nf3 e6 5. Bg2 d5 6. O-O Nbd7 7. e3 Be7 8. Qc2
O-O 9. Ng5 h6 10. Nh3 c6 11. Nf4 dxc4 12. b3 cxb3 13. axb3 Nd5 14. Nfxd5 cxd5
15. d4 Qc7 16. Ba3 Bxa3 17. Rxa3 Rfc8 18. b4 a5 19. bxa5 Rxa5 20. Rb3 Rca8 21.
Qb2 Ba6 22. Rb1 Bc4 23. Rb4 Qa7 24. Nb5 Bxb5 25. Rxb5 Ra2 26. Qb4 Qa3 27. Bf1
Ra4 28. Qb3 Rd2 29. Rb2 Qxb3 30. R5xb3 Rd1 31. Rb1 Rxb1 32. Rxb1 Ra2 33. Bb5
Nf6 34. Bd3 Ng4 35. Rxb6 g6 36. Bb1 Rd2 37. Rb3 Nxf2 38. Kg2 Ng4+ 39. Kg1 Rxh2
40. Rc3 Re2 41. Kf1 Rxe3 42. Rxe3 Nxe3+ 43. Ke2 Nf5 44. g4 Nxd4+ 45. Ke3 Nc6
46. Bd3 f5 47. gxf5 gxf5 48. Bb5 Ne7 49. Kd4 Kf7 50. Ke5 Ng6+ 51. Kd4 h5 52.
Ke3 h4 53. Bf1 e5 54. Kf3 d4 55. Ke2 e4 56. Bh3 Nf4+ 57. Kf1 Nxh3 58. Kg2 d3
59. Kf1 e3 60. Kg2 d2 61. Kxh3 d1=Q 62. Kg2 Qg4+ 63. Kh1 e2 64. Kh2 f4 65. Kh1
e1=Q+ 66. Kh2 Qeg1# 0-1

[Event "Mechanics' Irving Chernev TNM; 30/90, SD"]
[Site "San Francisco"]
[Date "2008.08.20"]
[Round "3.1"]
[White "Pearson, Michael"]
[Black "Gaffagan, Steven"]
[Result "1/2-1/2"]
[WhiteElo "2276"]
[BlackElo "2022"]
[PlyCount "99"]
[EventDate "2008.??.??"]

1. d4 d5 2. c4 Nc6 3. Nc3 Nf6 4. cxd5 Nxd5 5. e4 Nxc3 6. bxc3 e5 7. d5 Ne7 8.
Rb1 a6 9. Nf3 Ng6 10. Be3 Bd6 11. Qa4+ Bd7 12. Qc2 b6 13. Be2 O-O 14. O-O Qe7
15. Nd2 Nh4 16. g3 f5 17. exf5 Nxf5 18. Nc4 Nxe3 19. Nxe3 Bc5 20. Qe4 g6 21.
Bg4 Rae8 22. Bxd7 Qxd7 23. Rbe1 Qg7 24. Nc4 Rf5 25. Kg2 Ref8 26. f3 Bd6 27. Nb2
h5 28. Nd3 g5 29. a4 a5 30. Rf2 Qf7 31. h3 Qg7 32. Rff1 h4 33. g4 R5f7 34. Re3
Re7 35. Re2 Ref7 36. Qc4 Re7 37. Re4 Rfe8 38. Nb2 Qf7 39. Qd3 Bc5 40. Nc4 Bd6
41. Ne3 Qg6 42. Qb1 Kh7 43. Nf5 Rf7 44. Rc4 Rxf5 45. gxf5 Qf6 46. Rg4 Rf8 47.
Kf2 e4 48. Rxe4 Bg3+ 49. Kg2 Qxc3 50. Re2 $138 1/2-1/2

[Event "Mechanics' Irving Chernev TNM; 30/90, SD"]
[Site "San Francisco"]
[Date "2008.08.20"]
[Round "3.2"]
[White "Argishti, Dante"]
[Black "Lee, Andy"]
[Result "1-0"]
[WhiteElo "1996"]
[BlackElo "2264"]
[PlyCount "141"]
[EventDate "2008.??.??"]

1. d4 Nf6 2. c4 c5 3. d5 b5 4. cxb5 a6 5. bxa6 g6 6. Nc3 Bxa6 7. e4 Bxf1 8.
Kxf1 d6 9. Nf3 Bg7 10. g3 O-O 11. h3 Nbd7 12. Kg2 Ra6 13. Re1 Qa8 14. a3 Rb8
15. Re2 Ne8 16. Qd3 Rab6 17. Ra2 Qa6 18. Qxa6 Rxa6 19. Bg5 Ne5 20. Nxe5 Bxe5
21. Rc2 Nc7 22. f3 f6 23. Bc1 Bxc3 24. Rxc3 Nb5 25. Rb3 Ra4 26. g4 Kf7 27. Kg3
Ke8 28. Bd2 Kd7 29. Ra1 Kc7 30. Re1 Kb6 31. g5 Rf8 32. gxf6 exf6 33. Bf4 Rd8
34. h4 Rc4 35. Bh6 Rd7 36. Rc1 Rxc1 37. Bxc1 Ka5 38. Re3 c4 39. Bd2+ Ka4 40.
Bb4 Rf7 41. f4 f5 42. e5 dxe5 43. Rxe5 Rd7 44. h5 Nd6 45. Bxd6 Rxd6 46. hxg6
hxg6 47. Re6 Rxd5 48. Rxg6 Rd3+ 49. Kh4 Rb3 50. Rg2 c3 51. bxc3 Rxc3 52. Kg5
Rc5 53. Rg3 Kb5 54. Re3 Kc6 55. Re5 Rc4 56. Kxf5 {
this is a theoretical win for W} Ra4 57. Re3 Kd7 58. Kg5 Rc4 59. f5 Rc1 60. Kg6
Rg1+ 61. Kf7 Rf1 62. f6 Rg1 63. Kf8 Rg2 64. f7 Rg1 65. a4 Ra1 66. Re4 Ra2 67.
Rd4+ Kc7 68. Ke7 Re2+ 69. Kf6 Rf2+ 70. Ke6 Rf1 71. Rd5 {B resigns} 1-0

[Event "Mechanics' Irving Chernev TNM; 30/90, SD"]
[Site "San Francisco"]
[Date "2008.08.20"]
[Round "3.3"]
[White "Sandberg, Evan"]
[Black "Livschitz, Louiza"]
[Result "1-0"]
[WhiteElo "1954"]
[BlackElo "1992"]
[PlyCount "81"]
[EventDate "2008.??.??"]

1. e4 c5 2. Nf3 d6 3. d4 cxd4 4. Nxd4 Nf6 5. Nc3 a6 6. Bg5 e6 7. f4 Be7 8. Qf3
Nbd7 9. O-O-O Qc7 10. Bd3 b5 11. Rhe1 Bb7 12. Qg3 h6 13. Bxf6 Bxf6 14. Bxb5
axb5 15. Ndxb5 Qc6 16. Nxd6+ Kf8 17. e5 Be7 18. Nxb7 Qxb7 19. Qf3 Qxf3 20. gxf3
Nb6 21. a3 g6 22. Ne4 Nd5 23. Nd6 Nxf4 24. c4 Kg7 25. Rd4 Bg5 26. Kc2 Rhb8 27.
Ree4 Ng2 28. f4 Bh4 29. f5 exf5 30. Rxh4 Nxh4 31. Rxh4 Ra5 32. Nb5 Re8 33. b4
Rxb5 34. cxb5 Rxe5 35. a4 Kf6 36. b6 Re8 37. a5 Ke5 38. Rc4 Kd5 39. Rc3 f4 40.
b7 f5 41. Rc8 1-0

[Event "Mechanics' Irving Chernev TNM; 30/90, SD"]
[Site "San Francisco"]
[Date "2008.08.20"]
[Round "3.4"]
[White "Thornally, Frank"]
[Black "Farzaneh-Far, Ramin"]
[Result "1/2-1/2"]
[WhiteElo "2224"]
[BlackElo "1823"]
[PlyCount "65"]
[EventDate "2008.??.??"]

1. Nf3 Nf6 2. c4 g6 3. g3 Bg7 4. Bg2 O-O 5. O-O d6 6. Nc3 e5 7. d3 Nc6 8. Rb1
h6 9. b4 Be6 10. b5 Ne7 11. a4 c6 12. Bd2 Qc7 13. a5 d5 14. b6 axb6 15. axb6
Qd6 16. Na4 Rfe8 17. Bb4 Qb8 18. Nc5 Nf5 19. Nxe6 Rxe6 20. Bh3 Re8 21. Bxf5
gxf5 22. Nh4 Qc8 23. f3 f4 24. g4 Qd8 25. Be1 Qd7 26. Nf5 h5 27. h3 hxg4 28.
hxg4 Rad8 29. c5 Qe6 30. Bh4 Bf8 31. Rc1 Ra8 32. Bxf6 Qxf6 33. Qb3 {draw agreed
} 1/2-1/2

[Event "Mechanics' Irving Chernev TNM; 30/90, SD"]
[Site "San Francisco"]
[Date "2008.08.20"]
[Round "3.6"]
[White "Traub, Igor"]
[Black "Sainz, Guadalupe"]
[Result "0-1"]
[WhiteElo "2005"]
[BlackElo "1835"]
[PlyCount "42"]
[EventDate "2008.??.??"]

1. e4 c5 2. Nf3 d6 3. d4 cxd4 4. Nxd4 Nf6 5. Be2 Nxe4 6. O-O Nc6 7. Be3 Bd7 8.
Re1 e6 9. Nb5 d5 10. Bf4 Rc8 11. Bf3 Nxf2 12. Kxf2 Qb6+ 13. Kg3 Bc5 14. Qe2 O-O
15. c3 e5 16. Bg5 a6 17. b4 Be7 18. Bxe7 Nxe7 19. Qxe5 Nf5+ 20. Kf4 Qh6+ 21.
Kg4 Qh4# 0-1

[Event "Mechanics' Irving Chernev TNM; 30/90, SD"]
[Site "San Francisco"]
[Date "2008.08.20"]
[Round "3.7"]
[White "de Guzman, Ricardo"]
[Black "Milliken, William"]
[Result "1-0"]
[WhiteElo "2438"]
[BlackElo "1629"]
[PlyCount "65"]
[EventDate "2008.??.??"]

1. e4 e5 2. Nf3 Nc6 3. d4 exd4 4. Nxd4 Bc5 5. Be3 Qf6 6. c3 Nge7 7. Bc4 Ne5 8.
Be2 d5 9. f4 Nc4 10. Bxc4 dxc4 11. Qa4+ Bd7 12. Qxc4 Bb6 13. Nd2 O-O 14. O-O a6
15. a4 Nc6 16. b4 Be6 17. Qd3 Rad8 18. e5 Nxd4 19. Bxd4 Bf5 20. Qe3 Qc6 21. Nf3
Rfe8 22. Bxb6 Rd3 23. Qf2 cxb6 24. Nd4 Qg6 25. Nxf5 Qxf5 26. Qxb6 Qd7 27. b5
axb5 28. Qxb5 Qxb5 29. axb5 Rxc3 30. Ra7 Rb8 31. Rd1 Rb3 32. Rxb7 Rb1 33. Rxb8#
1-0

[Event "Mechanics' Irving Chernev TNM; 30/90, SD"]
[Site "San Francisco"]
[Date "2008.08.20"]
[Round "3.8"]
[White "Litowsky, Daniel"]
[Black "Shakhnazarov, Oleg"]
[Result "0-1"]
[WhiteElo "1719"]
[BlackElo "2148"]
[PlyCount "71"]
[EventDate "2008.??.??"]

1. e4 e5 2. Nc3 Nc6 3. Bc4 Nf6 4. Nf3 Bc5 5. h3 O-O 6. O-O d6 7. d3 h6 8. a3 a6
9. Ne2 Nh5 10. c3 Be6 11. Bb3 Bb6 12. d4 Bxb3 13. Qxb3 Qf6 14. dxe5 dxe5 15.
Nh2 Rad8 16. Ng4 Qg6 17. Be3 Qxe4 18. Bxb6 cxb6 19. Rae1 Qg6 20. Qxb6 f5 21.
Ne3 f4 22. Ng4 f3 23. gxf3 Rxf3 24. Kh2 Rdd3 25. Ng1 Rf7 26. Re3 Rd5 27. a4 Nf4
28. Rg3 Qd6 29. Qe3 h5 30. Nf3 hxg4 31. hxg4 e4 32. Ng1 Qh6+ 33. Nh3 Ne5 34. g5
Qxh3+ 35. Rxh3 Ng4+ 36. Kg1 {and W resigned} 0-1

[Event "Mechanics' Irving Chernev TNM; 30/90, SD"]
[Site "San Francisco"]
[Date "2008.08.20"]
[Round "3.9"]
[White "Grey, Peter"]
[Black "Livschitz, Jennifer"]
[Result "1-0"]
[WhiteElo "2000"]
[BlackElo "1645"]
[PlyCount "93"]
[EventDate "2008.??.??"]

1. e4 e5 2. Nf3 Nc6 3. Bb5 a6 4. Ba4 Nf6 5. O-O Be7 6. Re1 b5 7. Bb3 O-O 8. h3
d6 9. c3 Na5 10. Bc2 c5 11. d4 Qc7 12. Nbd2 Bd7 13. Nf1 Rfc8 14. Ne3 cxd4 15.
cxd4 Nc4 16. Bd3 Nxe3 17. Bxe3 exd4 18. Nxd4 d5 19. exd5 Nxd5 20. Bxh7+ Kxh7
21. Qh5+ Kg8 22. Qxd5 Bb4 23. Rec1 Qd6 24. Qxd6 Bxd6 25. Rxc8+ Rxc8 26. Rc1 Be5
27. Rxc8+ Bxc8 28. Nc6 Bf6 29. b3 Kf8 30. Bc5+ Ke8 31. Bd4 Bxd4 32. Nxd4 g6 33.
f3 Ke7 34. Kf2 Kd6 35. Ke3 Kd5 36. h4 f5 37. Ne2 Ke5 38. Nf4 Kf6 39. Kd4 Bd7
40. Nd5+ Kf7 41. b4 Be6 42. a3 f4 43. Nxf4 Bc4 44. Ke5 Bf1 45. g4 Kg7 46. g5
Kf7 47. Kd6 {B resigns} 1-0

[Event "Mechanics' Irving Chernev TNM; 30/90, SD"]
[Site "San Francisco"]
[Date "2008.08.20"]
[Round "3.10"]
[White "Standen, Julian"]
[Black "Krasnov, Steven"]
[Result "0-1"]
[WhiteElo "1644"]
[BlackElo "1950"]
[PlyCount "88"]
[EventDate "2008.??.??"]

1. d4 Nf6 2. Nf3 e6 3. e3 b6 4. Nbd2 Bb7 5. Bd3 c5 6. c3 Nc6 7. O-O Be7 8. e4
d6 9. Re1 O-O 10. Nf1 cxd4 11. cxd4 Nb4 12. Bb1 a5 13. a3 Nc6 14. Bg5 Re8 15.
Bd3 Nh5 16. Bxe7 Qxe7 17. Rc1 Rec8 18. Ne3 Nf4 19. Bf1 Na7 20. Nc4 Qd7 21. e5
dxe5 22. dxe5 Bd5 23. Ne3 Rxc1 24. Qxc1 Nh3+ 25. gxh3 Bxf3 26. Ng2 Nc6 27. Qf4
Bd5 28. Ne3 Rc8 29. Rd1 Ne7 30. Bg2 Ng6 31. Qg3 Ne7 32. h4 Rc5 33. h5 Qc7 34.
h6 Ng6 35. hxg7 Rc1 36. Bxd5 Rxd1+ 37. Nxd1 exd5 38. Ne3 d4 39. Nf5 Qc1+ 40.
Kg2 Qc6+ 41. Kf1 Qh1+ 42. Qg1 Qf3 43. Nd6 d3 44. Qg5 Qh1+ {W resigned} 0-1

[Event "Mechanics' Irving Chernev TNM; 30/90, SD"]
[Site "San Francisco"]
[Date "2008.08.20"]
[Round "3.11"]
[White "Dupree, Chuck"]
[Black "Manvelyan, Hayk"]
[Result "0-1"]
[WhiteElo "1630"]
[BlackElo "1874"]
[PlyCount "100"]
[EventDate "2008.??.??"]

1. e4 e6 2. d4 d5 3. Nd2 c5 4. exd5 Qxd5 5. Bc4 Qxd4 6. Ngf3 Qd6 7. O-O Nf6 8.
Qe2 Be7 9. Ne4 Nxe4 10. Qxe4 Qc6 11. Qd3 Nd7 12. Rd1 a6 13. a4 b6 14. Bg5 Bb7
15. Qe3 Nf6 16. Bf1 Nd5 17. Qe4 f6 18. Bh4 Nc7 19. Qg4 Kf7 20. Qh5+ g6 21. Qh6
Ne8 22. b3 Qc7 23. Rd3 Ng7 24. Bg3 Qc8 25. Rad1 Nf5 26. Qh3 Bd5 27. Nh4 Nxg3
28. Qxg3 Qb7 29. Re3 Rad8 30. Bd3 Rhg8 31. Rde1 e5 32. f4 Bd6 33. Qf2 exf4 34.
Rh3 Be5 35. Qe2 Rde8 36. Qf1 Bd4+ 37. Kh1 Rxe1 38. Qxe1 f5 39. Qf1 Be3 40. Bxa6
Qe7 41. Bc4 Qe6 42. Bxd5 Qxd5 43. Nf3 h5 44. Ne1 Qd1 45. Rf3 Re8 46. Nd3 Qxc2
47. Nxf4 Bxf4 48. Rxf4 Qxb3 49. g4 hxg4 50. Rxg4 Rd8 {and B won} 0-1

[Event "Mechanics' Irving Chernev TNM; 30/90, SD"]
[Site "San Francisco"]
[Date "2008.08.20"]
[Round "3.12"]
[White "Manvelyan, Hovik"]
[Black "Oca, Homer"]
[Result "1-0"]
[WhiteElo "1869"]
[BlackElo "1616"]
[PlyCount "95"]
[EventDate "2008.??.??"]

1. e4 a6 2. f4 e5 3. Nf3 d6 4. Bc4 f6 5. O-O Qe7 6. Nc3 c6 7. fxe5 dxe5 8. d4
Bg4 9. Be3 Nd7 10. d5 c5 11. Qd2 Qd6 12. h3 Bh5 13. a3 b5 14. Be2 Bf7 15. b4
cxb4 16. axb4 Qxb4 17. Rfb1 Qe7 18. Nxb5 Qd8 19. Qa5 Qxa5 20. Rxa5 Kd8 21. Na7
Ne7 22. Bxa6 Bg6 23. Bb7 Rb8 24. d6 Bxe4 25. dxe7+ Bxe7 26. Rab5 Bxb7 27. Rxb7
Rxb7 28. Rxb7 Bd6 29. Nc6+ Ke8 30. Ra7 Rf8 31. Ra8+ Kf7 32. Rxf8+ Bxf8 33. Kf2
h5 34. Ke2 g5 35. Nd2 Kg6 36. c4 f5 37. Nf3 Bd6 38. Nxg5 Ba3 39. Nf3 f4 40.
Ncxe5+ Nxe5 41. Nxe5+ Kf5 42. Bd4 Ke4 43. Bc3 Bc5 44. Nf3 Bb6 45. Nd2+ Kf5 46.
Kf3 Bg1 47. Ne4 Be3 48. Bd2 {B resigns} 1-0

[Event "Mechanics' Irving Chernev TNM; 30/90, SD"]
[Site "San Francisco"]
[Date "2008.08.20"]
[Round "3.13"]
[White "Smelansky, Vadim"]
[Black "Macintyre, Brendan"]
[Result "1-0"]
[WhiteElo "1853"]
[BlackElo "1606"]
[PlyCount "125"]
[EventDate "2008.??.??"]

1. e4 c5 2. Nf3 Nc6 3. d4 cxd4 4. Nxd4 g6 5. Bc4 Bg7 6. c3 Nf6 7. Nxc6 bxc6 8.
e5 Ng8 9. Qf3 e6 10. Bf4 f6 11. exf6 Qxf6 12. Qg3 d5 13. Bd3 Ne7 14. O-O e5 15.
Bg5 Qf7 16. Bxe7 Qxe7 17. f3 O-O 18. Nd2 Bf5 19. Be2 Qc5+ 20. Kh1 Qe3 21. Qe1
e4 22. fxe4 Bxe4 23. Nxe4 Qxe4 24. Qd2 Qh4 25. Qe1 Rxf1+ 26. Bxf1 Qf4 27. Qe6+
Kh8 28. Qxc6 Rf8 29. g3 Qd2 30. Bg2 Qxb2 31. Rf1 Rxf1+ 32. Bxf1 Bxc3 33. Qa8+
Kg7 34. Qxa7+ Kh6 35. Qe3+ Kg7 36. Qe7+ Kh6 37. Qf8+ Bg7 38. Qc8 Bd4 39. Qh3+
Kg7 40. Qd7+ Kh6 41. Qxd5 Qf2 42. Qg2 Qe3 43. h4 Be5 44. Kh2 Qd4 45. Kh3 Qc3
46. Be2 g5 47. h5 Qa3 48. Qf2 Qd6 49. Bg4 Qf6 50. Qxf6+ Bxf6 51. a4 Kg7 52. a5
Bd4 53. a6 h6 54. Bf3 Ba7 55. Kg4 Be3 56. Kf5 Kf7 57. Bd5+ Kg7 58. g4 Bd4 59.
Ke6 Kf8 60. Kd7 Ba7 61. Kc7 Ke7 62. Kb7 Bd4 63. a7 {B resigns} 1-0

[Event "Mechanics' Irving Chernev TNM; 30/90, SD"]
[Site "San Francisco"]
[Date "2008.08.20"]
[Round "3.14"]
[White "Todortsev, Victor"]
[Black "Smith, Andrew"]
[Result "1-0"]
[WhiteElo "1845"]
[BlackElo "1427"]
[PlyCount "57"]
[EventDate "2008.??.??"]

1. d4 Nf6 2. c4 g6 3. Nc3 Bg7 4. e4 d6 5. f3 O-O 6. Be3 Nbd7 7. Qd2 Re8 8. Bh6
Bh8 9. h4 e5 10. d5 a6 11. Bd3 Rb8 12. Nge2 Nc5 13. Bc2 b6 14. O-O-O a5 15. h5
Qd7 16. Qg5 Ba6 17. hxg6 fxg6 18. b3 b5 19. cxb5 Bxb5 20. Ng3 Re7 21. Nf5 Rf7
22. Nh4 Qe7 23. Nf5 Qd7 24. Rh2 Ba6 25. Rdh1 Rc8 26. Nh4 Qe7 27. Nxg6 hxg6 28.
Qxg6+ Bg7 29. Bxg7 {B resigns} 1-0

[Event "Mechanics' Irving Chernev TNM; 30/90, SD"]
[Site "San Francisco"]
[Date "2008.08.20"]
[Round "3.15"]
[White "Periwal, Prashant"]
[Black "Delaney, Will"]
[Result "0-1"]
[WhiteElo "1830"]
[BlackElo "1800"]
[PlyCount "57"]
[EventDate "2008.??.??"]

1. e4 e6 2. d4 d5 3. Nc3 Nf6 4. e5 Nfd7 5. Nce2 c5 6. c3 Nc6 7. f4 Be7 8. Nf3
a5 9. g4 cxd4 10. cxd4 Bb4+ 11. Kf2 f6 12. h4 fxe5 13. fxe5 Qb6 14. Nf4 Ndxe5
15. Nxe5 Nxe5 16. Kg3 Nc6 17. Nh5 O-O 18. Bf4 g6 19. Bh6 Bd6+ 20. Kh3 Rf7 21.
Ng7 Nxd4 22. Bg2 Qxb2 23. Rb1 Qa3+ 24. Bf3 Rxf3+ 25. Kg2 Rg3+ 26. Kf2 Bc5 27.
Rc1 Nb3+ 28. Kf1 Nxc1 29. Qa4 0-1

[Event "Mechanics' Irving Chernev TNM; 30/90, SD"]
[Site "San Francisco"]
[Date "2008.08.20"]
[Round "3.17"]
[White "Starr, Albert"]
[Black "Chernobilskiy, Mikhail"]
[Result "0-1"]
[WhiteElo "1536"]
[BlackElo "1790"]
[PlyCount "90"]
[EventDate "2008.??.??"]

1. b4 d5 2. e3 e5 3. Bb2 Bd6 4. Nf3 f6 5. b5 Be6 6. d3 Nd7 7. Be2 Ne7 8. O-O c5
9. c4 d4 10. exd4 exd4 11. Nbd2 f5 12. a4 Nf6 13. a5 h6 14. a6 b6 15. h4 Qc7
16. Re1 Ng4 17. Nf1 Kd7 18. g3 Raf8 19. Bxd4 cxd4 20. Nxd4 Nxf2 21. Nxe6 Nxd1
22. Nxc7 Bc5+ 23. Kg2 Nc3 24. Nd5 Nexd5 25. cxd5 Nxb5 26. Bf3 Nd4 27. Rab1 Nc2
28. Re6 Re8 29. Rxe8 Rxe8 30. Nd2 g5 31. g4 Ne1+ 32. Kf1 Nxf3 33. Nxf3 fxg4 34.
Nd2 gxh4 35. Ne4 Rf8+ 36. Kg2 Bd4 37. Rb4 Be5 38. d4 h3+ 39. Kg1 Bd6 40. Rb1
Rf3 41. Rf1 Rxf1+ 42. Kxf1 g3 43. Nf6+ Kd8 44. Ne4 Bf4 45. Nc3 g2+ {W resigns}
0-1

[Event "Mechanics' Irving Chernev TNM; 30/90, SD"]
[Site "San Francisco"]
[Date "2008.08.20"]
[Round "3.18"]
[White "O'Callaghan, Kevin"]
[Black "Royzen, Igor"]
[Result "1-0"]
[WhiteElo "1481"]
[BlackElo "1781"]
[PlyCount "59"]
[EventDate "2008.??.??"]

1. e4 c5 2. Nf3 d6 3. h3 Nf6 4. d3 g6 5. e5 dxe5 6. Nxe5 Bg7 7. Nc4 O-O 8. h4
Nc6 9. Be2 e5 10. h5 e4 11. hxg6 fxg6 12. Bh6 exd3 13. cxd3 Bxh6 14. Rxh6 Nd4
15. Nc3 Nxe2 16. Nxe2 Ng4 17. Qd2 Nxh6 18. Qxh6 Qxd3 19. Ne3 Qd8 20. Rd1 Qf6
21. f3 Be6 22. b3 Rad8 23. Rc1 b6 24. Kf2 Rd2 25. Ng4 Qd4+ 26. Ke1 Qb2 27. Qxd2
Qxd2+ 28. Kxd2 Bxg4 29. fxg4 Rf2 30. Rg1 1-0